Sistema jurídico y derecho romano: la idea de sistema jurídico y su proyección en la experiencia jurídica romana

Gespeichert in:
Bibliographische Detailangaben
1. Verfasser: Cuena Boy, Francisco (autor)
Format: Buch
Sprache:Spanisch
Veröffentlicht: Santander Universidad de Cantabria 1998
Schlagworte:
Tags: Tag hinzufügen
Keine Tags, Fügen Sie den ersten Tag hinzu!

MARC

LEADER 00000nam a2200000 a 4500
001 UCP4752
003 CL-VaPUC
008 990813e19980000SP |||||||||||||||||spa|d
082 0 4 |a 340.1  |b CUE  |2 21 
100 |a Cuena Boy, Francisco  |e autor  |9 432613 
245 1 0 |a Sistema jurídico y derecho romano: la idea de sistema jurídico y su proyección en la experiencia jurídica romana 
300 |a 176 p 
942 |c BK 
945 |d 19990813 00:00:00  |a vberengu 
260 |a Santander  |b Universidad de Cantabria  |c 1998 
650 0 |a Derecho romano  |9 255930 
650 0 |a Jurisprudencia  |9 255952 
650 7 |a SISTEMA JURIDICO  |2 CL-VaPUC  |9 432614 
583 |a last modification  |c 19990813 00:00:00  |k Rodrigo Vera 
999 |c 282650  |d 282648 
952 |0 0  |1 0  |4 0  |6 340_100000000000000_CUE_1998  |7 0  |8 DER_ROM  |9 324705  |a BIBDER  |b BIBDER  |d 2019-11-20  |i 3535959  |l 1  |m 1  |o 340.1 CUE 1998  |p 3535959  |r 2023-01-25  |s 2020-02-27  |w 2019-11-20  |x Ubicación 4to piso  |y BK  |z Este recurso debe solicitarse con anticipación  |k DER 
952 |0 0  |1 0  |4 0  |6 340_100000000000000_CUE_1998  |7 0  |8 A  |9 324706  |a BIBDER  |b BIBDER  |d 2019-11-20  |i 4587073  |l 2  |m 2  |o 340.1 CUE 1998  |p 4587073  |q 2025-12-31  |r 2023-01-25  |s 2021-10-16  |w 2019-11-20  |y BK  |k DER